Statistiques concernant Plus gros transferts été 2023

Cliquez ici pour prendre le quiz!

Statistiques générales

  • Ce quiz a été pris 47 fois
  • Le résultat moyen est 12 sur 15

Statistiques - réponses

ClubNationalitéMontantRéponse% Correct
ArsenalAngleterre117 MillionsDeclan Rice
95%
Bayern MunichAngleterre100 MillionsHarry Kane
95%
Real MadridAngleterre103 MillionsJude Bellingham
93%
Al-HilalBrésil90 MillionsNeymar
93%
Manchester CityCroatie90 MillionsJosko Gvardiol
90%
ArsenalAllemagne75 MillionsKai Havertz
86%
ChelseaÉquateur116 MillionsMoisés Caicedo
86%
Paris Saint GermainUruguay60 MillionsManuel Ugarte
81%
Manchester CityBelgique60 MillionsJeremy Doku
79%
Newcastle UnitedItalie64 MillionsSandro Tonali
76%
LiverpoolHongrie70 MillionsDominik Szoboszlai
69%
Manchester UnitedDanemark75 MillionsRasmus Hojlund
67%
ChelseaFrance60 MillionsChristopher Nkunku
64%
Manchester UnitedAngleterre65 MillionsMason Mount
64%
ChelseaBelgique63 MillionsRoméo Lavia
48%

Distribution des résultats

Percentile par nombre de réponses

% des personnes avec chaque résultat

Votre développement - résultats

Vous n’avez pas pris ce quiz